000 00433nam a2200169Ia 4500
003 GCL
008 140319s9999 xx 000 0 ara d
040 _aGCL /
_cGCL
082 0 4 _a813.01
_bا ص
100 1 _aاحمد بهجت
245 1 0 _aصائمون والله أعلم /
_cاحمد بهجت
300 _a184 ص
490 _a
650 0 4 _aالادب العربى
650 0 4 _aالقصص القصيرة
942 _2ddc
_cBK
999 _c45235
_d45235